Statistics for AFC Members Quiz

Click here to take the quiz!

General Stats

  • This quiz has been taken 193 times
  • The average score is 39 of 47

Answer Stats

CodeAssociationAFC% Correct
JPNAFCJapan
94%
KORAFCSouth Korea
93%
CHNAFCChina
92%
INDAFCIndia
92%
IDNAFCIndonesia
92%
AFGAFCAfghanistan
91%
PRKAFCNorth Korea
91%
QATAFCQatar
91%
VIEAFCVietnam
91%
IRNAFCIran
90%
KSAAFCSaudi Arabia
90%
BANAFCBangladesh
89%
IRQAFCIraq
89%
MASAFCMalaysia
89%
PAKAFCPakistan
89%
UAEAFCUnited Arab Emirates
89%
THAAFCThailand
88%
BHUAFCBhutan
87%
CAMAFCCambodia
87%
TPEAFCChinese Taipei
87%
LAOAFCLaos
87%
OMAAFCOman
87%
UZBAFCUzbekistan
87%
MNGAFCMongolia
86%
NEPAFCNepal
86%
PHIAFCPhilippines
86%
YEMAFCYemen
86%
BRUAFCBrunei
84%
MYAAFCMyanmar
84%
SRIAFCSri Lanka
84%
TJKAFCTajikistan
84%
AUSAFCAustralia
83%
BHRAFCBahrain
83%
SYRAFCSyria
83%
TKMAFCTurkmenistan
83%
JORAFCJordan
82%
KUWAFCKuwait
82%
KGZAFCKyrgyzstan
82%
LBNAFCLebanon
82%
SINAFCSingapore
82%
TLSAFCEast Timor
81%
MDVAFCMaldives
77%
PLEAFCPalestine
77%
HKGAFCHong Kong
71%
MACAFCMacau
60%
GUMAFCGuam
54%
NMIAFCNorthern Mariana Islands
33%

Score Distribution

Percentile by Number Answered

Percent of People with Each Score

Your Score History

You have not taken this quiz